000 01561cam a22004577a 4500
001 627
005 20250213091545.0
020 _a9780061969195 (lib bdg.)
020 _a0061969192 (lib bdg.)
020 _a9780061969188 (pbk.)
020 _a0061969184 (pbk.)
020 _a9780329851521 (Follett library ed.)
020 _a0329851527 (Follett library ed.)
040 _aBTCTA
_cBTCTA
_dWIQ
_dIEP
_dRNL
_dDLC
_dFISKH
_beng
050 0 0 _aPZ7.G9846
_bMpy 2011
082 0 4 _a[Fic]
_223
100 1 _aGutman, Dan.
245 1 0 _aMr. Harrison is embarrassin'! /
_cDan Gutman ; pictures by Jim Paillot.
246 3 _aMister Harrison is embarrassin!
246 3 _aMr. Harrison is embarrassing!
250 _a1st ed.
260 _aNew York :
_bHarper,
_c2011.
300 _a106 pages :
_billustrations ;
_c22 cm.
490 1 _aMy weirder school ;
_v#2
505 _aK
520 _aWhen the power goes out in the school, everyone panics in the dark, and only nerdy Mr. Harrison, who can fix and build anything, can save the day.
521 1 _a560
_bLexile
521 1 _aK
_bRaz-Plus
650 0 _aSchools
_vJuvenile fiction.
650 0 _aTeachers
_vJuvenile fiction.
650 1 _aSchools
_vFiction.
650 1 _aTeachers
_vFiction.
650 1 _aHumorous stories.
650 7 _aTeachers
_vFiction.
_2sears
655 7 _aHumorous stories
_2lcsh
655 7 _aSchool stories.
_2sears
655 7 _aHumorous fiction.
_2sears
700 1 _aPaillot, Jim,
_eillustrator
906 _a7
_bcbc
_ccopycat
_d2
_encip
_f20
_gy-gencatlg
942 _2ddc
_cBK
_n0
999 _c627
_d627